La technique pratique des courants alternatifs / (Record no. 139342)

MARC details
000 -LEADER
campo de control de longitud fija 00659nam a2200205 i 4500
001 - NÚMERO DE CONTROL
campo de control 139342
003 - IDENTIFICADOR DE NÚMERO DE CONTROL
campo de control ES-MaACL
005 - FECHA Y HORA DE LA ÚLTIMA TRANSACCIÓN
campo de control 20230906195755.0
007 - CAMPO FIJO DE DESCRIPCIÓN FÍSICA--INFORMACIÓN GENERAL
campo de control de longitud fija t|
008 - DATOS DE LONGITUD FIJA--INFORMACIÓN GENERAL
campo de control de longitud fija 070214m19091910fr a |||| | fre d
080 ## - NÚMERO DE LA CLASIFICACIÓN DECIMAL UNIVERSAL
Número de la Clasificación Decimal Universal 621.3.025
100 1# - ENTRADA PRINCIPAL--NOMBRE DE PERSONA
Nombre de persona Sartori, Giuseppe.
9 (RLIN) 103885
245 13 - MENCIÓN DEL TÍTULO
Título La technique pratique des courants alternatifs /
Mención de responsabilidad, etc. Giuseppe Sartori.
250 ## - MENCION DE EDICION
Mención de edición 3e éd. française
Resto de la mención de edición traduite de l'italien, revue et complétée par J. A. Montpellier.
260 ## - PUBLICACIÓN, DISTRIBUCIÓN, ETC.
Lugar de publicación, distribución, etc. Paris :
Nombre del editor, distribuidor, etc. Dunond,
Fecha de publicación, distribución, etc. 1909-1910.
300 ## - DESCRIPCIÓN FÍSICA
Extensión 2 v. :
Otras características físicas il. ;
Dimensiones 25 cm.
650 04 - PUNTO DE ACCESO ADICIONAL DE MATERIA--TÉRMINO DE MATERIA
Término de materia o nombre geográfico como elemento de entrada Corriente alterna.
9 (RLIN) 11376
700 1# - ENTRADA AGREGADA--NOMBRE PERSONAL
Nombre de persona Montpellier, J. A.
9 (RLIN) 82720
852 ## - LOCALIZACIÓN
Ubicación ES-MaACL
Número de control de estantería F-1971-72
Holdings
Estatus retirado Estado de pérdida Estado de daño No para préstamo Biblioteca de origen Biblioteca actual Ubicación en estantería Fecha de adquisición Fuente de adquisición Total de préstamos Signatura topográfica completa Código de barras Visto por última vez Precio de reemplazo Tipo de ítem Koha
        Biblioteca del Ateneo de Madrid Biblioteca del Ateneo de Madrid Depósito 2 17/01/2008     F-1971-72 1145007 23/02/2023 23/02/2023 Libro impreso